Estatísticas para Pontos turísticos por imagens

Clique aqui para jogar o quiz

Estatísticas Gerais

  • Esse quiz foi jogado 170 vezes
  • A pontuação média é 10 de 15

Estatísticas das Respostas

Resposta% Correto
Cristo redentor
100%
Torre Eiffel
97%
Coliseu
92%
Torre de Pisa
83%
Bigben
80%
Taj Mahal
77%
Cataratas do Iguaçu
72%
Machu Picchu
72%
Esfinge
68%
Museu do louvre
66%
Pão de Açúcar
45%
Burj Khalifa
41%
Time Square
38%
Basílica de são pedro
24%
Rio Tamisa
5%

Distribuição das Pontuações

Percentil de Números Respondidos

Porcentagem de Pessoas com Cada Pontuação

Sua Pontuação Histórica

Você não jogou esse quiz